00771nam a22002297a 4500003000900000005001700009007000300026008003000029020001800059040002500077100003600102245006800138246004300206260004600249300002300295590002900318700003800347910001400385942001400399952011100413999001700524DO-SdBNP20220127091451.0ta210805b 2021 dr 00| 0 eng d a9789945618310 aDO-SdBNPbspacBNPHU1 aGarcía, Franz, d1973-97940210aVamos por partes /cFranz García ; prólogo : Miguel Yarull 10aVamos por partes : brelatos reunidos. aSanto Domingo : bAmigo del Hogar,c2021. a200 p. ; c21 cm.  aInventariado, 2021 /LP 1 aYarull, Miguel,eprólogo979089 aLopérez 2ddccLBS1 00102ddc718MOaBNPHUbPDcHDd2021-08-05eDepósito Legall0p2021-25379r2021-08-05w2021-08-05yLFPD c50182d50182